Welcome to the Holygrace Academy Library

Please use search bar below to get started

ONAPOOKKALAM (Record no. 1010)

MARC details
000 -LEADER
fixed length control field 00278nam a22001217a 4500
082 ## - DEWEY DECIMAL CLASSIFICATION NUMBER
Classification number 894.812
Item number KAN*/O
100 ## - MAIN ENTRY--AUTHOR NAME
Personal name KANAKARAGHAVAN
245 ## - TITLE STATEMENT
Title ONAPOOKKALAM
260 ## - PUBLICATION, DISTRIBUTION, ETC. (IMPRINT)
Place of publication THRISSUR
Name of publisher H & C PUBLISHING HOUSE
300 ## - PHYSICAL DESCRIPTION
Number of Pages 46
650 ## - SUBJECT ADDED ENTRY--TOPICAL TERM
Topical Term ONAM FESTIVAL DETAILS
Geographic subdivision KERALA
942 ## - ADDED ENTRY ELEMENTS (KOHA)
Koha item type Books
Holdings
Withdrawn status Lost status Collection code Home library Current library Shelving location Date acquired Source of acquisition Cost, normal purchase price Full call number Accession Number Koha item type
    Reference Main Library Main Library   11/03/2014 purchase 10.00 894.812 KAN*/O 07793 Books